| 000 | 00409 a2200145 4500 | ||
|---|---|---|---|
| 040 |
_aDLC _bDLC |
||
| 082 | _a297.63 | ||
| 100 | _aModudoodi, Abu-ul-Ahla | ||
| 245 |
_aSeerat Sarvar-e-Alam (Vol. 1) _cAbu-ul-Ahla Modudoodi |
||
| 260 |
_aLahore: _bIdara Tarjaman-ul-Quran, _c1999. |
||
| 300 |
_a764 p. ; _c24 cm. |
||
| 500 | _aIncludes Index | ||
| 650 | _aMuhammad (S.A.W.), Prophet | ||
| 942 |
_cBK _k297.63 MOD _2ddc |
||
| 999 |
_c7806 _d7806 |
||